Normal view
MARC view
Entry Personal Name
001 - CONTROL NUMBER
- control field: 77
003 - CONTROL NUMBER IDENTIFIER
- control field: ARRUPE
005 - DATE AND TIME OF LATEST TRANSACTION
- control field: 20130911180436.0
008 - FIXED-LENGTH DATA ELEMENTS
- fixed length control field: 130911|| aca||aabn | a|a d
040 ## - CATALOGING SOURCE
- Original cataloging agency: ARRUPE
- Transcribing agency: ARRUPE
100 ## - HEADING--PERSONAL NAME
- Personal name: Roberts, William P.,
- Dates associated with a name: 1931-
670 ## - SOURCE DATA FOUND
- Source citation: Work cat.: (ARRUPE)0: Roberts, William P., 1931-, Encounters with Christ :, c1985.